ბათუმის შოთა რუსთაველის სახელმწიფო უნივერსიტეტის ბიბლიოთეკა

სამრეწველო და სამოქალაქო მშენებლობის საფუძვლები : (ბიბ.ჩანაწერი № 39752)

000 -ლიდერი
ფიქსირებული სიგრძის საკონტროლო ველი 01031nam a2200241Ia 4500
001 - საკონტროლო ნომერი
საკონტროლო ველი 6357
003 - საკონტროლო ნომრის იდენტიფიკატორი
საკონტროლო ველი GE_BSU
005 - ბოლო ოპერაციის თარიღი და დრო
საკონტროლო ველი 20190507104415.0
008 - ფიქსირებული სიგრძის მონაცემთა ელემენტები - ზოგადი ინფორმაცია
ფიქსირებული სიგრძის საკონტროლო ველი 181216s1969||||ge |||||||||||||| ||geo||
040 ## - კატალოგიზაციის წყარო
Transcribing agency GE_BSU
041 ## - ენის კოდი
Language code of text/sound track or separate title geo
080 ## - უნივერსალური ათობითი კლასიფიკაციის ინდექსი
Universal Decimal Classification number 69(075.8) კ-44
100 ## - მთავარი ჩანაწერი - პიროვნების სახელი
Personal name კვაჭაძე, დ.
9 (RLIN) 516
245 ## - ცნობა სათაურის შესახებ
Title სამრეწველო და სამოქალაქო მშენებლობის საფუძვლები :
Remainder of title სახელმძღვ. /
Statement of responsibility, etc დ. კვაჭაძე, ვ. ჯაფარიძე ; რედ. ჩ. გურგენიძე.
260 ## - გამოქვეყნების, გავრცელების, და სხვა. ცნობები
Place of publication, distribution, etc თბ.
260 ## - გამოქვეყნების, გავრცელების, და სხვა. ცნობები
Name of publisher, distributor, etc განათლება.
260 ## - გამოქვეყნების, გავრცელების, და სხვა. ცნობები
Date of publication, distribution, etc 1969.
300 ## - ფიზიკური აღწერა
Extent 304 გვ. :
Other physical details ილ. ;
Dimensions 20 სმ.
653 ## - INDEX TERM--UNCONTROLLED
Uncontrolled term სამრეწველო და სამოქალაქო მშენებლობა
700 ## - ADDED ENTRY--PERSONAL NAME
Personal name ჯაფარიძე, ვ.
Relator term ავტორი
9 (RLIN) 665
700 ## - ADDED ENTRY--PERSONAL NAME
Personal name გურგენიძე, ჩ.
Relator term რედაქტორი
9 (RLIN) 514
942 ## - ADDED ENTRY ELEMENTS (KOHA)
Koha item type წიგნი
Source of classification or shelving scheme
ეგზემპლარები
ჩამოწერის სტატუსი დაკარგული ეგზემპლარის სტატუსი კლასიფიკაციის წყარო ან თაროზე გაწყობის სქემა დაზიანების სტატუსი არ გაიცემა მუდმივი მდებარეობა (დაცვის ადგილი) ამჟამინდელი ადგილსამყოფელი თაროზე განთავსების ადგილი შეძენის თარიღი ღირებულება, შესყიდვის ნორმალური ფასი სრული შენახვის შიფრი შტრიხკოდი ბოლო ოპერაციის თარიღი ეგზემპლარის მიმდევრობითი ნომერი (კეტერი?) ფასის ძალაში შესვლის თარიღი ეგზემპლარის სახეობა საჯარო შენიშვნა
          ტექნოლოგიური ფაკულტეტის ბიბლიოთეკა ტექნოლოგიური ფაკულტეტის ბიბლიოთეკა წიგნსაცავი 2018-12-17 1.42 69(075.8) კ-44 11768 2018-12-17 11768 2018-12-17 წიგნი 1.42 ლ.
          ტექნოლოგიური ფაკულტეტის ბიბლიოთეკა ტექნოლოგიური ფაკულტეტის ბიბლიოთეკა წიგნსაცავი 2018-12-17 1.42 69(075.8) კ-44 11769 2018-12-17 11769 2018-12-17 წიგნი 1.42 ლ.
          ტექნოლოგიური ფაკულტეტის ბიბლიოთეკა ტექნოლოგიური ფაკულტეტის ბიბლიოთეკა წიგნსაცავი 2018-12-17 1.42 69(075.8) კ-44 11770 2018-12-17 11770 2018-12-17 წიგნი 1.42 ლ.